Flaggen der Regionen Italiens - Statistiken

Allgemein
  • Dieses Quiz wurde 7 mal gespielt
  • Das Durchschnittsergebnis liegt bei 7 aus 19
Antwortstatistiken
Bildquiz Antwort % Korrekt
Kalabrien
83%
Lombardei
83%
Sardinien
83%
Apulien
67%
Molise
67%
Sizilien
67%
Latium
50%
Abruzzen
33%
Aostatal
33%
Marken
33%
Basilikata
17%
Kampanien
17%
Toskana
17%
Umbrien
17%
Venetien
17%
Emilia-Romagana
0%
Friaul-Julisch Venetien
0%
Ligurien
0%
Piemont
0%
Keine übereinstimmenden Quizze gefunden
Verteilung der Resultate
Anzahl Personen mit jedem Resultat
Perzentil nach korrekt beantworteten Fragen
Ihre Resultats-Entwicklung
Sie haben dieses Quiz noch nicht gespielt